Clinical laboratory improvement act of 1978 : hearing before the Subcommittee on Health of the Committee on Ways and Means, House of Representatives, Ninety-fifth Congress, second session, on H.R. 10909 ... May 9, 1978.

Bibliographic Details
Corporate Authors: United States. Congress. House. Committee on Ways and Means. Subcommittee on Health, ProQuest (Firm)
Format: Government Document eBook
Language:English
Published: Washington : U.S. Govt. Print. Off, 1978.
Series:U.S. Congressional Hearings.
Subjects:
Online Access:Connect to the full text of this electronic book

MARC

Tag First Indicator Second Indicator Subfields
LEADER 00000cam a22000001a 4500
001 in00003202004
005 20190404175626.0
006 m d f
007 cr bn mmmapmmp
008 090922s1978 dcu o f000 0 eng d
035 |a cis2007443947 
040 |a UMI  |c UMI  |d UtOrBLW 
043 |a n-us--- 
074 |a 1028 
086 0 |a Y 4.W 36:95-89 
099 |a HRG-1978-WAM-0046 
110 1 |a United States.  |b Congress.  |b House.  |b Committee on Ways and Means.  |b Subcommittee on Health. 
245 1 0 |a Clinical laboratory improvement act of 1978 :  |b hearing before the Subcommittee on Health of the Committee on Ways and Means, House of Representatives, Ninety-fifth Congress, second session, on H.R. 10909 ... May 9, 1978. 
264 1 |a Washington :  |b U.S. Govt. Print. Off,  |c 1978. 
300 |a 1 online resource. 
336 |a text  |b txt  |2 rdacontent 
337 |a computer  |b c  |2 rdamedia 
338 |a online resource  |b cr  |2 rdacarrier 
490 0 |a Serial - House, Committee on Ways and Means ;  |v no. 95-89 
538 |a System requirements: PDF reader software. 
500 |a Electronic resource. 
650 0 |a Medical laboratories  |x Law and legislation  |z United States. 
655 7 |a Electronic books.  |2 local 
710 2 |a ProQuest (Firm) 
776 0 8 |i Print version:  |a United States. Congress. House. Committee on Ways and Means. Subcommittee on Health.  |t Clinical laboratory improvement act of 1978  |w (OCoLC)04359320  |w gp 79003138 
776 0 8 |i Microfiche version:  |a United States. Congress. House. Committee on Ways and Means. Subcommittee on Health.  |t Clinical laboratory improvement act of 1978.  |d [Bethesda, Md.] : ProQuest,[2004]  |o CIS 78 H781-47  |w (ProQuest)cis07801614 
830 0 |a U.S. Congressional Hearings. 
856 4 0 |u http://proxy.library.tamu.edu/login?url=http://congressional.proquest.com/congcomp/getdoc?HEARING-ID=HRG-1978-WAM-0046  |z Connect to the full text of this electronic book  |t 0 
998 |a cis07801614 
999 |a MARS 
999 f f |s 5739c26f-bb47-3132-bf87-9b17f9f0d51f  |i d5db182e-716a-3160-8fdc-23b1005dc890  |t 0 
952 f f |a Texas A&M University  |b College Station  |c Electronic Resources  |d Available Online  |t 0  |e HRG-1978-WAM-0046  |h Other scheme 
998 f f |a HRG-1978-WAM-0046  |t 0  |l Available Online